An introduction to NURBS : with historical perspective

Αποθηκεύτηκε σε:
Λεπτομέρειες βιβλιογραφικής εγγραφής
Κύριος συγγραφέας: Rogers, David F., 1937-
Μορφή: Βιβλίο
Γλώσσα:English
Δημοσίευση: San Francisco : Morgan Kaufmann Publishers, c2001
Θέματα:
Ετικέτες: Προσθήκη ετικέτας
Δεν υπάρχουν, Καταχωρήστε ετικέτα πρώτοι!

MARC

LEADER 00000cam a2200000 i 4500
001 1/36788
008 010221s2001 eng d
020 |a 1-55860-669-6 
035 |l 10070132 
040 |a GR-MY-UA  |b gre  |e aacr 
041 0 |a eng 
082 0 |a 511.42  |2 (21) 
100 1 |a Rogers, David F.,   |d 1937- 
245 1 3 |a An introduction to NURBS :  |b with historical perspective /  |c David F. Rogers 
260 |a San Francisco :   |b Morgan Kaufmann Publishers,   |c c2001 
300 |a xvii, 324 p.;  |b ill.;  |c 25 cm. 
504 |a Includes bibliographical references (p.[311-314) and index 
650 0 0 |a Spline theory  |x Data processing. 
650 0 0 |a Computer-aided design. 
852 |a INST  |b SAMOS  |e 20010221  |h 511.42 ROG  |p 005300021684  |q 005300021684  |t BK  |y 23 
852 |a INST  |b SAMOS  |e 20010221  |h 511.42 ROG  |p 005300021685  |q 005300021685  |t BK  |y 0 
852 |a INST  |b SAMOS  |e 20010221  |h 511.42 ROG  |p 005300021686  |q 005300021686  |t BK  |y 0 
852 |a INST  |b SYROS  |e 20030407  |h 511.42 ROG  |p 005500002483  |q 005500002483  |t BK  |y 0 
852 |a INST  |b SYROS  |e 20030623  |h 511.42 ROG  |p 005500003325  |q 005500003325  |t BK  |y 0 
852 |a INST  |b SYROS  |e 20030623  |h 511.42 ROG  |p 005500003326  |q 005500003326  |t BK  |y 0 
901 |a BIBL5-2003-1 
901 |a BIBL3-2001-1 
909 |a Ε  |b 103712 
909 |a Ε  |b 104477 
909 |a Ε  |b 104479 
909 |a Σ  |b 085775 
909 |a Σ  |b 085774 
909 |a Σ  |b 085823 
922 |a 3ΕΛΗ  |b 200008  |c ΤΠΕΣ/ΠΟΛ2  |d LEADER 
922 |a 5ΕΛΗ  |b 200210  |c ΤΜΣΠΣ  |d ΠΑΠΑΣΩΤΗΡΙΟΥ 
950 |a 183-2002-10-19 
970 |a ΠΟΥΡΝΑΡΑΣ  |b ΔΗΜΗΤΡΗΣ  |z 2001/02/21